[Event "Chennai WinTV op 1st"]
[Site "Chennai"]
[Date "2004.01.30"]
[Round "11"]
[White "Venkatakrishnan, RV."]
[Black "Shrestha, Keshav"]
[Result "0-1"]
[WhiteElo "2094"]
[BlackElo "2196"]
[PlyCount "52"]
[EventDate "2004.01.21"]
[EventType "swiss"]
[EventRounds "13"]
[EventCountry "IND"]
[SourceTitle "CBM 098 Extra"]
[Source "ChessBase"]
[SourceDate "2004.03.10"]
[SourceVersion "2"]
[SourceVersionDate "2004.03.10"]
[SourceQuality "1"]

1. d4 d5 2. c4 e6 3. Nc3 c6 4. Nf3 Nf6 5. e3 Nbd7 6. Bd3 dxc4 7. Bxc4 b5 8. Bd3 a6 9. 0-0 c5 10. dxc5 Bxc5 11. Ne4 Be7 12. b3 Bb7 13. Nxf6+ Nxf6 14. Bb2 0-0 15. Be2 Qa5 16. Qd4 Rfe8 17. Qh4 Rac8 18. Bd4 h6 19. a3 Nd5 20. Qg3 Bf8 21. b4 Qc7 22. Ne5 Nb6 23. Bh5 Be4 24. Qf4 Bc2 25. Bxb6 Qxb6 26. Rad1 f6 0-1

[Event "Chennai WinTV op 1st"]
[Site "Chennai"]
[Date "2004.01.21"]
[Round "1"]
[White "Venkatakrishnan, RV."]
[Black "Rahman, Ziaur"]
[Result "0-1"]
[WhiteElo "2094"]
[BlackElo "2492"]
[PlyCount "112"]
[EventDate "2004.01.21"]
[EventType "swiss"]
[EventRounds "13"]
[EventCountry "IND"]
[SourceTitle "CBM 098 Extra"]
[Source "ChessBase"]
[SourceDate "2004.03.10"]
[SourceVersion "2"]
[SourceVersionDate "2004.03.10"]
[SourceQuality "1"]

1. d4 e6 2. c4 b6 3. a3 f5 4. Nf3 Nf6 5. Nc3 Be7 6. e3 Bb7 7. Be2 0-0 8. 0-0 Ne4 9. Qc2 d6 10. b4 Nd7 11. Bb2 a5 12. Rfd1 Qe8 13. d5 Nxc3 14. Bxc3 e5 15. Bb2 Qg6 16. Rab1 Bc8 17. Bc3 a4 18. Bf1 Kh8 19. Ne1 e4 20. f4 exf3 21. Nxf3 Nf6 22. Bd3 Ne4 23. Bd4 Bd7 24. Rf1 Kg8 25. Nd2 Nxd2 26. Qxd2 Bf6 27. Bxf6 Qxf6 28. Rf3 Qe5 29. Rbf1 Rf6 30. Qf2 Raf8 31. Bb1 Qc3 32. Qa2 Re8 33. Kf2 f4 34. Qc2 fxe3+ 35. Kg1 Qxc2 36. Bxc2 Rxf3 37. gxf3 Re5 38. Re1 Bh3 39. f4 Re7 40. Bxa4 Re4 41. Bb5 g5 42. fxg5 Rg4+ 43. Kh1 Bg2+ 44. Kg1 Be4+ 45. Kf1 Bd3+ 46. Re2 Rxg5 47. a4 Bxe2+ 48. Kxe2 Rg2+ 49. Kxe3 Rxh2 50. c5 Rb2 51. cxd6 cxd6 52. Kd3 Rxb4 53. Kc3 Rf4 54. Bc4 h5 55. Kb4 h4 56. Kb5 h3 0-1